ბათუმის შოთა რუსთაველის სახელმწიფო უნივერსიტეტის ბიბლიოთეკა

Финансирование и кредитование предприятии пищевой промышленности (ბიბ.ჩანაწერი № 45021)

000 -LEADER
fixed length control field 00721nam a2200205Ia 4500
001 - CONTROL NUMBER
control field 11842
003 - CONTROL NUMBER IDENTIFIER
control field GE_BSU
008 - FIXED-LENGTH DATA ELEMENTS--GENERAL INFORMATION
fixed length control field 181216s||||||||xx |||||||||||||| ||und||
040 ## - CATALOGING SOURCE
Transcribing agency GE_BSU
080 ## - UNIVERSAL DECIMAL CLASSIFICATION NUMBER
Universal Decimal Classification number 637.1+658(075.3)
100 ## - MAIN ENTRY--PERSONAL NAME
Personal name Мягченков.Ф.З
245 ## - TITLE STATEMENT
Title Финансирование и кредитование предприятии пищевой промышленности
245 ## - TITLE STATEMENT
Statement of responsibility, etc. Ред М.В. Коломейцева
260 ## - PUBLICATION, DISTRIBUTION, ETC.
Place of publication, distribution, etc. Москва
260 ## - PUBLICATION, DISTRIBUTION, ETC.
Name of publisher, distributor, etc. Агропромиздат
260 ## - PUBLICATION, DISTRIBUTION, ETC.
Date of publication, distribution, etc. 1988
300 ## - PHYSICAL DESCRIPTION
Extent 294стр.22см.
653 ## - INDEX TERM--UNCONTROLLED
Uncontrolled term Финансирование и кредитование предприятии пищевой промышленности
942 ## - ADDED ENTRY ELEMENTS (KOHA)
Koha item type წიგნი
ეგზემპლარები
Withdrawn status Lost status Damaged status Not for loan Date acquired Barcode Date last seen Price effective from Koha item type
        2018-12-17 20430 2018-12-17 2018-12-17 წიგნი